| 000 | 00462nam a2200157 4500 | ||
|---|---|---|---|
| 001 | 107801 | ||
| 003 | ES-MaACL | ||
| 005 | 20230906184508.0 | ||
| 007 | t| | ||
| 008 | 061121s1979 sp r ||||1| spa d | ||
| 100 | 1 |
_aMouhaffel, M. Adib. _983852 |
|
| 245 | 1 | 0 |
_aKomeini, revolución y alternativa / _cM. Adib Mouhaffel. |
| 260 |
_aLas Palmas de Gran Canaria : _b[s.n], _c1979 ( _fImp. Sur) |
||
| 300 |
_a56 p. ; _c17 cm. |
||
| 852 |
_aES-MaACL _jL-1125 _bR.100572 |
||
| 999 |
_c107801 _d107801 |
||